| 000 | 01108nam0a2200313 4500 | ||
|---|---|---|---|
| 001 | RU\NLR\bibl\1952794 | ||
| 005 | 20250616204255.0 | ||
| 010 |
_a978-5-377-05262-3 _915000 |
||
| 021 |
_aRU _b2012-69253 _95083 |
||
| 021 |
_aRU _b2012-94753 _97014 |
||
| 021 |
_aRU _b2012-95640 _97081 |
||
| 035 | _a(NLR Aleph) 001941912 | ||
| 090 |
_a3577173 _c3577173 |
||
| 100 | _a20121009d2013 |||y0rusy50 ca | ||
| 101 | 0 | _arus | |
| 102 | _aRU | ||
| 105 | _ay ||||||||| | ||
| 200 | 1 | _aИстория. Типовые тестовые задания: 10 вариантов заданий: Ответы: Критерии оценок: Бланки ответов | |
| 210 |
_aМосква _cЭкзамен _d2013 |
||
| 215 | _d29 | ||
| 225 | 1 | _aЕГЭ. Типовые тестовые задания | |
| 225 | 1 | _a2013 | |
| 700 | 1 |
_aГевуркова _bЕ. А _4070 |
|
| 701 | 1 |
_aСоловьев _bЯ. В _4070 |
|
| 801 | 0 |
_aRU _bNLR _c20121009 _gRCR |
|
| 801 | 1 |
_aRU _bNLR _c20121009 |
|
| 942 | _cBOOK | ||
| 980 | _aNB | ||